| LEADER | 01249nam a2200229 4500 | ||
|---|---|---|---|
| 082 | |a 495.92281 |b NH550Y | ||
| 100 | |a Như Ý | ||
| 245 | |a Từ điển chính tả Tiếng Việt |c Như Ý, Thanh Kim, Việt Hưng | ||
| 260 | |a H |b Giáo dục |c 1995 | ||
| 300 | |a 453tr |c 20cm. | ||
| 500 | |a | ||
| 520 | |a | ||
| 653 | |a Ngôn ngữ | ||
| 653 | |a Chính tả | ||
| 653 | |a Từ điển | ||
| 942 | |2 ddc |c STK0 | ||
| 999 | |c 10129 |d 10129 | ||
| 952 | |0 0 |1 0 |2 ddc |4 0 |6 495_922000000000000_81_NH550Y |7 0 |8 400 |9 78983 |a qbu |b qbu |c D2 |d 2015-07-20 |g 3200 |o 495.922 81 NH550Y |p 10275.c1 |r 0000-00-00 |w 2015-07-20 |y STK0 | ||
| 952 | |0 0 |1 0 |2 ddc |4 0 |6 495_922000000000000_81_NH550Y |7 0 |8 400 |9 78984 |a qbu |b qbu |c D2 |d 2015-07-20 |g 3200 |o 495.922 81 NH550Y |p 10275.c2 |r 0000-00-00 |w 2015-07-20 |y STK0 | ||
| 952 | |0 0 |1 0 |2 ddc |4 0 |6 495_922000000000000_81_NH550Y |7 0 |8 400 |9 78985 |a qbu |b qbu |c D2 |d 2015-07-20 |g 3200 |o 495.922 81 NH550Y |p 10275.c3 |r 0000-00-00 |w 2015-07-20 |y STK0 | ||
| 952 | |0 0 |1 0 |2 ddc |4 0 |6 495_922000000000000_81_NH550Y |7 0 |8 400 |9 78986 |a qbu |b qbu |c D2 |d 2015-07-20 |g 3200 |o 495.922 81 NH550Y |p 10275.c4 |r 0000-00-00 |w 2015-07-20 |y STK0 | ||
| 952 | |0 0 |1 0 |2 ddc |4 0 |6 495_922000000000000_81_NH550Y |7 0 |8 400 |9 78987 |a qbu |b qbu |c D2 |d 2015-07-20 |g 3200 |o 495.922 81 NH550Y |p 10275.c5 |r 0000-00-00 |w 2015-07-20 |y STK0 | ||